Statistics for Random Base Conversion - Hex to Binary

Click here to take the quiz!

General Stats

  • This quiz has been taken 89 times
  • The average score is 12 of 20

Answer Stats

HexBinary% Correct
210
100%
8310000011
100%
8410000100
100%
431000011
100%
8610000110
100%
23100011
100%
461000110
100%
8C10001100
100%
91001
100%
1210010
100%
24100100
100%
26100110
100%
4F1001111
100%
28101000
100%
A010100000
100%
A510100101
100%
A610100110
100%
2A101010
100%
AC10101100
100%
AE10101110
100%
B1011
100%
B010110000
100%
B710110111
100%
B910111001
100%
BC10111100
100%
C1100
100%
C211000010
100%
31110001
100%
C611000110
100%
CE11001110
100%
D111010001
100%
1B11011
100%
DB11011011
100%
6E1101110
100%
DC11011100
100%
E811101000
100%
F1111
100%
3C111100
100%
FB11111011
100%
3F111111
100%
FE11111110
100%
9510010101
50%
00
0%
11
0%
4100
0%
81000
0%
1010000
0%
20100000
0%
401000000
0%
8010000000
0%
8110000001
0%
411000001
0%
8210000010
0%
21100001
0%
421000010
0%
8510000101
0%
8710000111
0%
1110001
0%
22100010
0%
441000100
0%
8810001000
0%
8910001001
0%
451000101
0%
8A10001010
0%
8B10001011
0%
8D10001101
0%
471000111
0%
8E10001110
0%
8F10001111
0%
481001000
0%
9010010000
0%
9110010001
0%
491001001
0%
9210010010
0%
9310010011
0%
25100101
0%
4A1001010
0%
9410010100
0%
4B1001011
0%
9610010110
0%
9710010111
0%
1310011
0%
4C1001100
0%
9810011000
0%
9910011001
0%
4D1001101
0%
9A10011010
0%
9B10011011
0%
27100111
0%
4E1001110
0%
9C10011100
0%
9D10011101
0%
9E10011110
0%
9F10011111
0%
5101
0%
A1010
0%
1410100
0%
501010000
0%
A110100001
0%
511010001
0%
A210100010
0%
A310100011
0%
29101001
0%
521010010
0%
A410100100
0%
531010011
0%
A710100111
0%
1510101
0%
541010100
0%
A810101000
0%
A910101001
0%
551010101
0%
AA10101010
0%
AB10101011
0%
2B101011
0%
561010110
0%
AD10101101
0%
571010111
0%
AF10101111
0%
1610110
0%
2C101100
0%
581011000
0%
B110110001
0%
591011001
0%
B210110010
0%
B310110011
0%
2D101101
0%
5A1011010
0%
B410110100
0%
B510110101
0%
5B1011011
0%
B610110110
0%
1710111
0%
2E101110
0%
5C1011100
0%
B810111000
0%
5D1011101
0%
BA10111010
0%
BB10111011
0%
2F101111
0%
5E1011110
0%
BD10111101
0%
5F1011111
0%
BE10111110
0%
BF10111111
0%
311
0%
6110
0%
1811000
0%
30110000
0%
601100000
0%
C011000000
0%
C111000001
0%
611100001
0%
C311000011
0%
621100010
0%
C411000100
0%
C511000101
0%
631100011
0%
C711000111
0%
1911001
0%
32110010
0%
641100100
0%
C811001000
0%
C911001001
0%
651100101
0%
CA11001010
0%
CB11001011
0%
33110011
0%
661100110
0%
CC11001100
0%
CD11001101
0%
671100111
0%
CF11001111
0%
D1101
0%
1A11010
0%
34110100
0%
681101000
0%
D011010000
0%
691101001
0%
D211010010
0%
D311010011
0%
35110101
0%
6A1101010
0%
D411010100
0%
D511010101
0%
6B1101011
0%
D611010110
0%
D711010111
0%
36110110
0%
6C1101100
0%
D811011000
0%
D911011001
0%
6D1101101
0%
DA11011010
0%
37110111
0%
DD11011101
0%
6F1101111
0%
DE11011110
0%
DF11011111
0%
7111
0%
E1110
0%
1C11100
0%
38111000
0%
701110000
0%
E011100000
0%
E111100001
0%
711110001
0%
E211100010
0%
E311100011
0%
39111001
0%
721110010
0%
E411100100
0%
E511100101
0%
731110011
0%
E611100110
0%
E711100111
0%
1D11101
0%
3A111010
0%
741110100
0%
E911101001
0%
751110101
0%
EA11101010
0%
EB11101011
0%
3B111011
0%
761110110
0%
EC11101100
0%
ED11101101
0%
771110111
0%
EE11101110
0%
EF11101111
0%
1E11110
0%
781111000
0%
F011110000
0%
F111110001
0%
791111001
0%
F211110010
0%
F311110011
0%
3D111101
0%
7A1111010
0%
F411110100
0%
F511110101
0%
7B1111011
0%
F611110110
0%
F711110111
0%
1F11111
0%
3E111110
0%
7C1111100
0%
F811111000
0%
F911111001
0%
7D1111101
0%
FA11111010
0%
7E1111110
0%
FC11111100
0%
FD11111101
0%
7F1111111
0%
FF11111111
0%

Score Distribution

Percentile by Number Answered

Percent of People with Each Score

Your Score History

You have not taken this quiz